Sorghum research and development network for Asia : report of the consultative meeting to consider the establishment of a sorghum research and development network for Asia, held at ICRISAT Center, 16-19 sep.l 1991 /
Guardado en:
| Autor Principal: | |
|---|---|
| Autor Corporativo: | |
| Otros Autores: | , |
| Formato: | Libro |
| Idioma: | English |
| Publicado: |
Patancheru :
ICRISAT,
1992.
|
| Etiquetas: |
Agregar Etiqueta
Sin Etiquetas, Sea el primero en etiquetar este registro!
|
| LEADER | 00809nam a22001815a 4500 | ||
|---|---|---|---|
| 001 | EEA.libagro005357 | ||
| 005 | 20180705111550.0 | ||
| 008 | 130809s1992####ii#a##########000#0#eng#d | ||
| 020 | |a 9290662220 | ||
| 082 | 0 | 4 | |a 633.174095 |
| 100 | 1 | |a Alagarswamy, G. | |
| 245 | 1 | 0 | |a Sorghum research and development network for Asia : |b report of the consultative meeting to consider the establishment of a sorghum research and development network for Asia, held at ICRISAT Center, 16-19 sep.l 1991 / |c G. Alagarswamy, J.W. Stenhouse, C.M. Pattanayak. |
| 260 | |a Patancheru : |b ICRISAT, |c 1992. | ||
| 300 | |a 31 p. : |b il. ; |c 24 cm. | ||
| 700 | 1 | |a Stenhouse, J. W. | |
| 700 | 1 | |a Pattanayak, C. M., |e ed. | |
| 710 | 2 | |a International Crops Research Institute for the Semi-Arid. | |
| 859 | |a AR-BbBCA |b BIB. AGRONOMIA |h 633.174095 |i A316 |p 1996/2654 | ||
